La lengua destrabada: manual de escritura
I tiakina i:
| Kaituhi matua: | |
|---|---|
| Hōputu: | Pukapuka |
| Reo: | Pāniora |
| I whakaputaina: |
Madrid
Marcial Pons
2017
|
| Putanga: | 1a. ed |
| Ngā marau: | |
| Ngā Tūtohu: |
Tāpirihia he Tūtohu
Kāore He Tūtohu, Me noho koe te mea tuatahi ki te tūtohu i tēnei pūkete!
|
MARC
| LEADER | 00000cam a2200000 a 4500 | ||
|---|---|---|---|
| 001 | UCC1242 | ||
| 003 | CL-VaPUC | ||
| 008 | 171013e20170000sp |||||||||||||||||spa|d | ||
| 020 | |a 9788491232735 | ||
| 082 | 0 | 4 | |a 401 |b MAR |2 21 |
| 100 | |a Martínez Gimeno, Carmen |e autora |9 595296 | ||
| 245 | 1 | 3 | |a La lengua destrabada: manual de escritura |
| 250 | |a 1a. ed | ||
| 300 | |a 581 p | ||
| 942 | |c BK | ||
| 945 | |d 20171013 12:11:00 |a arojas | ||
| 260 | |a Madrid |b Marcial Pons |c 2017 | ||
| 650 | 0 | |a Gramática |9 270497 | |
| 650 | 7 | |a LINGUISTICA DESCRIPTIVA |2 CL-VaPUC |9 595297 | |
| 650 | 0 | |a Escritura |9 264941 | |
| 583 | |a last modification |c 20171013 12:11:00 |k Rodrigo Vera | ||
| 999 | |c 369803 |d 369801 | ||
| 952 | |0 0 |1 0 |3 erb |4 0 |6 401_000000000000000_MAR_2017 |7 0 |8 A |9 485934 |a BIBDER |b BIBDER |i 5429315 |o 401 MAR 2017 |p 5429315 |r 2023-01-25 |w 2019-11-24 |y BK |z Catalogado en:20171013 |k DER | ||
| 952 | |0 0 |1 0 |3 erb |4 0 |6 401_000000000000000_MAR_2017 |7 0 |8 A |9 485935 |a BIBEDU |b BIBEDU |i 542979K |o 401 MAR 2017 |p 542979K |r 2019-11-24 |w 2019-11-24 |y BK |z Catalogado en:20171020 |k LIT | ||
| 952 | |0 0 |1 0 |3 erb |4 0 |6 401_000000000000000_MAR_2017 |7 0 |8 A |9 485936 |a BIBEDU |b BIBEDU |i 5429781 |l 1 |m 2 |o 401 MAR 2017 |p 5429781 |r 2024-10-09 |s 2024-08-07 |w 2019-11-24 |y BK |z Catalogado en:20171020 |k LIT | ||